=LDR 00000nam 2200000 4500 =001 INLIS000000000039352 =005 20200206094525 =035 ##$$a 0010-061300000039352 =008 200206################g##########0#ind## =041 ##$$a ind =082 ##$$a 001.9 =090 ##$$a 001.9, dia, t =100 ##$$a Dianawati, Ajen =245 1#$$a Tujuh Ratus Dua Puluh Fakta Unik yang Mencengangkan Dunia /$c Ajen Dianawati,; Penyunting : Enda =260 ##$$a Yogyakarta :$b Media Presindo,$c 2011 =300 ##$$a v, 366 hlm : $b ilus ; $c 17 x 23 cm =650 #4$$a fakta unik =850 ##$$a NBPNMAT =020 ##$$a 979-911-047-5 =084 ##$$a 001.9 DIA t =504 ##$$a Bibliografi : Halaman 366 =990 ##$$a 21113176 =990 ##$$a 00086182 =990 ##$$a 21113176 =990 ##$$a 00086182 =990 ##$$a 21113176 =990 ##$$a 00086182 =990 ##$$a 00086182 =990 ##$$a 21113176